| 000 | 00382nam a22001457a 4500 | ||
|---|---|---|---|
| 999 |
_c17399 _d17399 |
||
| 008 | 190125b xxu||||| |||| 00| 0 eng d | ||
| 020 | _a9966031174 | ||
| 050 |
_aKF385 _b.M84 2011 c.1 |
||
| 100 | _aMugambi, Peter | ||
| 245 |
_aIntroduction to Law _cPeter Mugambi |
||
| 250 | _aRevised edition | ||
| 260 |
_aNairobi _blawafrica _c2011 |
||
| 300 | _axxxvii, 415p. | ||
| 942 |
_2lcc _cBK |
||